Quan hệ VN-Liên Bang Nga từ năm 2000 đến năm 2014 /
Tong quan tinh hinh nghien cưu,sơ lược lich sử quan he Viet nam-Lien bang Nga va những nhan to tac đọng đen quan he Viet nam -Lien bang Nga tư năm 2000 đen năm 2014.
Đã lưu trong:
| Príomhúdar: | |
|---|---|
| Údair Eile: | |
| Formáid: | Luận văn |
| Teanga: | Vietnamese |
| Foilsithe: |
ĐHĐN-Truong ĐH ngoai ngữ,
2014.
|
| Ábhair: | |
| Clibeanna: |
Cuir Clib Leis
Gan Chlibeanna, Bí ar an gcéad duine leis an taifead seo a chlibeáil!
|
| Thư viện lưu trữ: | Mạng thư viện Đại học Đà Nẵng |
|---|
| LEADER | 01729na a2200373 4500 | ||
|---|---|---|---|
| 001 | 000032147 | ||
| 003 | 8139 | ||
| 005 | 20230325153803.0 | ||
| 008 | 151001s2014 000 vie | ||
| 040 | |a LNN | ||
| 041 | |a vie | ||
| 082 | |a 959.7327 |b BU-N | ||
| 100 | |a Bùi Thị Tuyết Nga | ||
| 245 | 0 | |a Quan hệ VN-Liên Bang Nga từ năm 2000 đến năm 2014 / |c Bùi Thị Tuyết Nga. | |
| 246 | |a Luan văn tot nghiep | ||
| 260 | |a ĐHĐN-Truong ĐH ngoai ngữ, |c 2014. | ||
| 300 | |a 30cm. : |b 60 tr;. | ||
| 502 | 1 | |a Luan văn sinh vien | |
| 505 | |a Chuyen nghanh Quoc te hoc | ||
| 520 | |a Tong quan tinh hinh nghien cưu,sơ lược lich sử quan he Viet nam-Lien bang Nga va những nhan to tac đọng đen quan he Viet nam -Lien bang Nga tư năm 2000 đen năm 2014. |x Noi dung quan he Viet nam -Lien bang Ngatư năm 2000 đen năm 2014. |y Đăc diem bai hoc kinh nghiem trien vong va giai phap thuc đay quan he Viet nam -Lien bang Nga | ||
| 650 | |a Quan he Viet Nam-Lien bang Nga |b Lich sư quan he Viet nam-Lien bang Nga |a Tu năm 2000-2014 | ||
| 653 | |a Bùi Thị Tuyết Nga,2014,quan he Viet nam-Lieng bang Nga tư năm 2000-2014 | ||
| 700 | |a TS.Ho Vu Khue Ngọc |b huong dan | ||
| 852 | |b Luan van tot nghiep |c SV Khoa Quoc te học | ||
| OWN | |a LNN | ||
| AVA | |a UDN50 |b LNN |d 959.7327 BU-N |e available |t Error 5001 Not defined in file expand_doc_bib_avail. |f 2 |g 0 |h N |i 0 | ||
| 999 | |a From the UDN01 | ||
| AVA | |a UDN50 |b LNN |d 959.7327 BU-N |e available |t Error 5001 Not defined in file expand_doc_bib_avail. |f 2 |g 0 |h N |i 0 | ||
| TYP | |a Dissertation | ||
| TYP | |a Printed language | ||
| 980 | |a Mạng thư viện Đại học Đà Nẵng | ||